Responses for Show #7534 - Thursday, May 18, 2017

2017 Teachers Tournament final game 1.

Contestants

[<< previous game]

Mary Parker, a high school French and English teacher from Rogers, Arkansas

Nan Cohen, a high school English teacher from Van Nuys, California

David Clemmons, an 11th grade U.S. history teacher from Fort Worth, Texas

[next game >>]

Jeopardy! Round responses

THE ART OF WAR
SOME OF YOUR BUSINESS
TV SITCOM BY EPISODES
WRITTEN IN 18-SOMETHING
GOING DUTCH
2 BY 4
(Alex: All correct responses will be two 4-letter words.)
    $200 16
the Norman invasion of England (or Norman Conquest)

David
    $200 21
(Edward) Jones

David
    $200 26
Seinfeld

Nan
    $200 1
a good night

David
    $200 11
The Hague

David
    $200 6
a soap dish

Nan
    $400 17
(Nan: What is the Korean War?)

the Vietnam War

DavidNan
    $400 22
a Tesla

David
    $400 27
Modern Family

Mary
    $400 2
Les Misérables

Mary
    $400 12
gin

Mary
    $400 7
a food bank

Mary
    $600 18
Washington Crossing the Delaware

David
    $600 23
the NFL

Mary
    $600 28
Brooklyn Nine-Nine

Mary
    $600 3
The War of the Worlds

Nan
    $600 13
a clog

Nan
    $600 8
four aces

Triple Stumper
    $800 19
a stare

Nan
    $800 24
Richard Branson

Nan
    $800 29
(David: What are [*]?)

Happy Days

David
    $800 4
Chekhov

Nan
    $800 14
the House of Orange

David
    $800 9
a bass clef

Nan
    $1000 20
Goya

Mary
    $1000 25
shoes

Triple Stumper
    $1000 30
2 Broke Girls

Triple Stumper
    $1,400 5
Nietzsche

Nan
    $1000 15
(Mary: What is a crown?)

the (Dutch) guilder

Mary
Triple Stumper
    $1000 10
a soft open

Nan

Scores at the first commercial break (after clue 15):

David Nan Mary
$1,200 $5,400 $200

Scores at the end of the Jeopardy! Round:

David Nan Mary
$3,800 $6,800 $2,800

Double Jeopardy! Round responses

MOURNING ASSEMBLY
BALLET
A ROUND OF GULF
PLANTS & FLOWERS
PRO RUSSELL-ING
DOUBLE VOWEL IN THE MIDDLE
(Alex: The same two vowels in the middle of each correct response.)
    $400 15
the Aborigines

Nan
    $400 13
Gershwin

Mary
    $400 11
(Nan: Uh, what is--oh, what is the Gulf of Oman?)
(Mary: What is the Gulf of Aden?)

the Persian Gulf

DavidNanMary
    $400 1
the Venus flytrap

Mary
    $400 30
Bill Russell

David
    $400 4
snooze

Mary
    $800 16
Ayatollah Khomeini

Mary
    $800 14
The Firebird

Mary
    $800 12
the Gulf of Mexico

Nan
    $800 2
a fern

Mary
    $800 29
Russell Brand

Nan
    $800 7
a coop

Nan
    $1200 17
All Souls' Day

Mary
    $1200 23
Sleeping Beauty

Triple Stumper
    $1200 22
Lake Victoria

Mary
    $1200 3
basil

Nan
    $1200 28
The Americans

Nan
    $1200 8
fleece

Nan
    $1600 18
an anarchist

Nan
    $1600 24
the Symposium

Mary
    $5,000 21
(David: What is Italy?)

Turkey

David
    $1600 5
zinnias

Nan
    $1600 27
Russell Crowe

Mary
    $6,500 9
beekeeping

Nan
    $2000 19
Pete Fountain

David
    $2000 25
(Nan: Who is Tchaikovsky?)

Prokofiev

DavidNan
    $2000 20
(Mary: What is the Gulf of Tonkin?)

the Battle of Leyte Gulf

Mary
Triple Stumper
    $2000 6
ricin

Mary
    $2000 26
Kurt Russell

David
    $2000 10
Baal

David

Scores at the end of the Double Jeopardy! Round:

David Nan Mary
$7,600 $20,500 $11,600

Final Jeopardy! Round responses

WOMEN AUTHORS
(Alex: [To David] The novel was Gone with the Wind. It was later made into a great motion picture.)
...
(Alex: Look at this, folks. At the end of day one, the person who was in a distant third position, David, is now the leader. But remember, strange things happen on day two. That's tomorrow. Come join us then.)
DavidWho is Margaret Mitchell?
$2,400
MaryWho is Edith Wharton
$8,000
NanWho is Willa Cather?
$11,500
Margaret Mitchell

Final scores:

David Nan Mary
$10,000 $9,000 $3,600

Game dynamics:

Coryat scores:

David Nan Mary
$12,600 $15,200 $11,600
15 R,
1 W
(including 1 DD)
20 R
(including 2 DDs),
3 W
18 R,
3 W

Combined Coryat: $39,400

[game clues] [game scores] [suggest correction]

Game tape date: 2017-03-22
The J! Archive is created by fans, for fans. Scraping, republication, monetization, and malicious use prohibited; this site may use cookies and collect identifying information. See terms. The Jeopardy! game show and all elements thereof, including but not limited to copyright and trademark thereto, are the property of Jeopardy Productions, Inc. and are protected under law. This website is not affiliated with, sponsored by, or operated by Jeopardy Productions, Inc. Join the discussion at JBoard.tv.